| 000 | 00667nam a2200229 a 4500 | ||
|---|---|---|---|
| 001 | BRCA_540 | ||
| 005 | 20190320203044.0 | ||
| 008 | 960408s1993 mx-a---###---#000-0#spa-d | ||
| 020 | _a9683908667 | ||
| 041 | _aspa | ||
| 050 | 4 |
_aN7343.5 _b.T74 1993 |
|
| 100 | 1 |
_aTregear, Mary _91870 |
|
| 245 | 1 | 0 |
_aTesoros artísticos en China _cMary Tregear, Shelagh Vainker. |
| 260 |
_aMéxico _bPatria _c1993 |
||
| 300 |
_a278 p. _bil. a color _c39 cm. |
||
| 500 | _aIncluye índice onomástico | ||
| 504 | _aBibliografía: p. 275 | ||
| 650 | 1 | 4 |
_aArte chino _xObras maestras _91871 |
| 650 | 1 | 4 |
_aArte chino _xHistoria _91872 |
| 700 | 1 |
_aVainker, Shelagh _91873 |
|
| 942 |
_2lcc _cB |
||
| 999 |
_c471 _d471 |
||